000
00266nam a2200121Ia 4500
005
20251222155054.0
008
251222s9999||||xx |||||||||||||| ||spa||
082
_a
REL.83
100
_a
PAULO VI.
245
0
_a
De la Vida Humana
264
_b
No tiene
942
_c
LIB
999
_c
37385
_d
37385